| 000 | 00851nam a22002657a 4500 | ||
|---|---|---|---|
| 001 | 4890 | ||
| 003 | FISKH | ||
| 005 | 20241023094529.0 | ||
| 008 | 241023b cb ||||| |||| 00| 0 eng d | ||
| 020 | _a9780689317057 | ||
| 040 |
_aFISKH _beng _cFISKH _dFISKH |
||
| 050 | _aGV762.F56 | ||
| 082 | _a797.5 | ||
| 100 | _aFine, John Christopher | ||
| 245 |
_aFree Spirits in the Sky / _cby John Christopher Fine |
||
| 260 |
_aNew York : _bMacmillan Publishing Company ; _c1994 . |
||
| 300 |
_a32 pages : _bcolor illustrations ; _c27 cm . |
||
| 505 | _aR | ||
| 520 | _aProvides information about the history and enjoyment of hot air ballooning and an account of an early morning flight. | ||
| 521 | 8 |
_a790
_bLexile estimate |
|
| 521 | 8 |
_aR
_bRaz-Plus |
|
| 650 |
_aballooning _vJuvenile work |
||
| 942 |
_2ddc _cBK _n0 |
||
| 999 |
_c4890 _d4890 |
||